000 00695nam a2200265Ia 4500
003 OSt
005 20221006144433.0
006 a|||||r|||| 00| 0
007 ta
008 221006b |||||||| |||| 00| 0 eng d
020 _c125.00
024 _a11,680
037 _cTextual
040 _aEASL
_cEASL
_beng
041 _2eng
_aeng
082 _aV1:19(zQ).N8, M8
100 _aMUKHERJEE Sadhan
_9652004
245 0 _aSocialism and the nuclear space age
260 _aNew Delhi
_bSterling Pub. India
_c1988
300 _a177p.
_ccm.
490 _v Gen
650 _aGen
942 _hV1:19(zQ).N8, M8
_cTEXL
_2CC
999 _c1079766
_d1079766